El testimonio del pueblo de Dios a través de la historia / (Record no. 28902)

MARC details
000 -LEADER
campo de control de longitud fija 01044ntaaa2200241 4500
003 - IDENTIFICADOR DE NÚMERO DE CONTROL
campo de control 01
005 - FECHA Y HORA DE LA ÚLTIMA TRANSACCIÓN
campo de control 20251027203335.0
008 - DATOS DE LONGITUD FIJA--INFORMACIÓN GENERAL
campo de control de longitud fija 0714s1973 ag 01
040 ## - FUENTE DE CATALOGACIÓN
Centro catalogador/agencia de origen AR-BaBN
Lengua de catalogación spa
Centro/agencia transcriptor AR-BaBN
Normas de descripción aacr
Centro/agencia modificador RIC
100 ## - ENTRADA PRINCIPAL--NOMBRE DE PERSONA
Nombre de persona Santos, Juan
9 (RLIN) 37181
245 ## - MENCIÓN DEL TÍTULO
Título El testimonio del pueblo de Dios a través de la historia /
Mención de responsabilidad, etc. Juan Santos
260 ## - PUBLICACIÓN, DISTRIBUCIÓN, ETC.
Lugar de publicación, distribución, etc. Buenos Aires,
Fecha de publicación, distribución, etc. 2014
300 ## - DESCRIPCIÓN FÍSICA
Extensión 35 h. ;
Dimensiones 30 cm.
500 ## - NOTA GENERAL
Nota general "En convenio con la Asamblea Apostólica de la fe en Cristo Jesús"
500 ## - NOTA GENERAL
Nota general Bibliografía en h. 35
502 ## - NOTA DE TESIS
Nota de tesis (licenciatura)-Seminario Internacional Teológico Bautista, 2014
505 ## - NOTA DE CONTENIDO CON FORMATO
Título Cap. 1. El mandato de Dios a su pueblo de ser testigo a las naciones
505 ## - NOTA DE CONTENIDO CON FORMATO
Título Cap. 2. Los hitos del testimonio del pueblo de Dios en el AT
505 ## - NOTA DE CONTENIDO CON FORMATO
Título Cap. 3. Los hitos del testimonio del pueblo de Dios en el NT, principiando Jerusalén, Samaria, Antioquía y Europa
505 ## - NOTA DE CONTENIDO CON FORMATO
Título Cap. 4. Los hitos del testimonio del pueblo de Dios en los Hechos de los Apóstoles, que trascienden en AAFCJ
650 ## - PUNTO DE ACCESO ADICIONAL DE MATERIA--TÉRMINO DE MATERIA
Término de materia o nombre geográfico como elemento de entrada TESIS
942 ## - ELEMENTOS DE ENTRADA SECUNDARIOS (KOHA)
Tipo de ítem Koha Colección General
Holdings
Estatus retirado Estado de pérdida Estado de daño No para préstamo Biblioteca de origen Biblioteca actual Fecha de adquisición Número de inventario Total de préstamos Código de barras Visto por última vez Precio de reemplazo Tipo de ítem Koha
        Biblioteca Pluis Biblioteca Pluis 27/10/2025 045411   045411 27/10/2025 27/10/2025 TESINAS Y TFI